Faces of Vyšehrad /

Hlavní autor: Kučera, Petr, 1985-
Další autoři: Pártl, Tomáš
Jazyk: Angličtina
Vydáno: Praha : Vyšehrad National Cultural Monument, [2018]
Vydání: First edition
Témata:
Fyzický popis: 129 stran : ilustrace (některé barevné), plány, faksimile ; 18 cm
Knihy
Uloženo v:
LEADER 02177nam a2200589 i 4500
001 nkc20182977676
003 CZ PrNK
005 20180413130346.0
007 ta
008 180202t20182018xr aeh e f 000 0 eng
015 |a cnb002977676 
020 |a 978-80-907075-1-1  |q (brožováno)  |z 9788090707511 
035 |a (OCoLC)1035453051 
040 |a BOA001  |b cze  |d ABA001  |e rda 
041 1 |a eng  |h cze 
043 |a e-xr---  |b e-xr-pg  |2 czenas 
072 7 |a 908(437)  |x Vlastivěda Česka a Slovenska  |2 Konspekt  |9 8 
080 |a 72:904  |2 MRF 
080 |a 913:94  |2 MRF 
080 |a 94(437.311)  |2 MRF 
080 |a 908(437.311)  |2 MRF 
080 |a (036)  |2 MRF 
100 1 |a Kučera, Petr,  |d 1985-  |7 mzk2018986465  |4 aut  |4 ill 
245 1 0 |a Faces of Vyšehrad /  |c Petr Kučera ; translation: Tomáš Pártl 
246 1 8 |a Vyšehrad guidebook 
250 |a First edition 
264 1 |a Praha :  |b Vyšehrad National Cultural Monument,  |c [2018] 
264 4 |c ©2018 
300 |a 129 stran :  |b ilustrace (některé barevné), plány, faksimile ;  |c 18 cm 
336 |a text  |b txt  |2 rdacontent 
336 |a statický obraz  |b sti  |2 rdacontent 
337 |a bez média  |b n  |2 rdamedia 
338 |a svazek  |b nc  |2 rdacarrier 
500 |a Přeloženo z češtiny 
500 |a 4000 výtisků 
650 0 7 |a architektonické památky  |7 ph118585  |z Česko  |2 czenas 
650 0 7 |a historický místopis  |7 ph137052  |z Česko  |2 czenas 
650 0 9 |a architectural monuments  |z Czechia  |2 eczenas 
650 0 9 |a historical topography  |z Czechia  |2 eczenas 
651 7 |a Vyšehrad (Praha, Česko)  |7 ge131359  |x dějiny  |2 czenas 
651 7 |a Vyšehrad (Praha, Česko)  |7 ge131359  |x vlastivěda  |2 czenas 
651 9 |a Vyšehrad (Prague, Czechia)  |x history  |2 eczenas 
651 9 |a Vyšehrad (Prague, Czechia)  |x history and geography  |2 eczenas 
655 7 |a průvodce  |7 fd133154  |2 czenas 
655 9 |a guidebooks  |2 eczenas 
700 1 |a Pártl, Tomáš  |7 xx0179414  |4 trl 
910 2 |a BOA001  |b 1-1405.292 
928 9 |a Národní kulturní památka Vyšehrad 
990 |a BK 
995 |a 01 
991 |b 201803  |c NOV 
996 6 |b 2610737426  |c 1-1405.292  |l MZK  |r Sklad / do 1 hodiny  |n 0  |p p.v.  |w 001656096  |u 000010  |a 1  |e BOA001  |j MZK50  |s P